| 000 | 01397cam a2200337 a 4500 | ||
|---|---|---|---|
| 999 |
_c1530 _d1530 |
||
| 001 | 598242 | ||
| 003 | OSt | ||
| 005 | 20230112074828.0 | ||
| 008 | 150730s2016 nyua j b 000 0 eng d | ||
| 010 | _a2015018065 | ||
| 020 |
_a9780374379995 : _c(hbk.) |
||
| 035 |
_a(OCoLC)921420927 _z(OCoLC)904082031 |
||
| 040 |
_aDLC _beng _cDLC _dOCLCO _dOCLCQ _dOCLCO _dYDXCP _dBDX _dBTCTA _dOCLCQ _dBKL _dOCLCO _dNYP _dSO$ _dTMUE _eaacr _eKH8 |
||
| 042 | _anbic | ||
| 082 | 0 | _a640.286 DRU | |
| 100 | 1 |
_aDrummond, Allan. _eauthor |
|
| 245 | 1 | 0 |
_aGreen city : _bhow one community survived a tornado and rebuilt for a sustainable future / _cAllan Drummond. |
| 250 | _aFirst edition. | ||
| 260 |
_aNew York : _bFarrar Straus Giroux, _c2016. |
||
| 300 |
_a1 v. (unpaged) : _bcol. ill. ; _c26 cm. |
||
| 490 | 1 | _aFrances Foster books. | |
| 504 | _aIncludes bibliographical references. | ||
| 520 |
_a"The story of Greensburg, Kansas, a town that rebuilt completely green after a deadly tornado"-- _cProvided by publisher. |
||
| 650 | 0 |
_aSustainability _zKansas _zGreensburg _vJuvenile literature. |
|
| 650 | 0 |
_aSustainable living _zKansas _zGreensburg _vJuvenile literature. |
|
| 650 | 0 |
_aGreen movement _zKansas _zGreensburg _vJuvenile literature. |
|
| 650 | 0 |
_aTornadoes _zKansas _zGreensburg _vJuvenile literature. |
|
| 651 | 0 |
_aGreensburg (Kan.) _vJuvenile literature. |
|
| 830 | 0 | _aFrances Foster book. | |
| 942 |
_2ddc _cNFIC |
||